01254nab a2200241 a 450000500170000000700030001700800410002004000250006104100080008610000530009424500710014726401000021830000630031833600270038133700350040833800290044336200270047252102740049958600850077358600340085865000660089277300540095820250318124922.0ta250318e1995 dr |||pdr||||||0| 0 spa d aDO-SdBNPcBNPHUerda hspa aHaza, Ivonne, c"La Diva Dominicana".d1938-2022 aIvonne Haza : bquiero grabar su amplio repertorio /cIvonne Haza. aSanto Domingo, República Dominicana : bVetas : de la cultura dominicana y El Caribe, c1995. apáginas 5-8 : bilustraciones, fotografías ; c29 cm. atextobtxt2rdacontent asin mediación bn 2rdamedia avolumen bnc2rdacarrier aAño 2, no. 12, 1995. a"La única pena que tengo es que nunca he grabado. Quisiera, verdaderamente, poder dejar grabada una cantidad de canciones, con todo el repertorio que tengo, por ejemplo, Ivonne les canta a los niños. Ivonne canta criollas, Ivonne canta... todo ese tipo de cosas..." aOrden de los Dominicos de Duarte de Sánchez y Mella de República Dominicana. aOrden del Mérito de Italia. 0aMúsicavPublicaciones periódicas zRepública Dominicana0 037028o37538-2-12-1tVetas :w(DO-SdBNP)000037538